'UFF' Words Quiz Stats

Quiz Updated Jul 13, 2016

Also try: 'All' In (5)
Challenge
Share
Tweet
Embed
Score 0/24 Timer 04:00
4 Plays Today
% Correct
Chauffeur
94.9%
Sufficient
93.5%
Stuff
91.6%
Shuffle
91%
Buffalo
90.7%
Insufferable
90.3%
Buffoon
90.2%
Puffin
90%
Bluff
89.9%
Buffet
88.5%
Guffaw
87.7%
Buffer
87.3%
% Correct
Gruff
87.2%
Suffer
86.9%
Ruffian
86.3%
Fluff
85.8%
Ragamuffin
85%
Scruff
84.8%
Cuff
84.6%
Muffuletta
81.8%
Bouffant
78.5%
Muffler
75.3%
Pouffe
71.7%
Duffel
57.1%

You're not logged in!

Compare scores with friends on all Sporcle quizzes.
Sign Up with Email
OR
Log In

You Might Also Like...

Show Comments

Extras

Top Quizzes Today


Score Distribution

Your Account Isn't Verified!

In order to create a playlist on Sporcle, you need to verify the email address you used during registration. Go to your Sporcle Settings to finish the process.